Geschichte der Chalifen (Record no. 134679)

MARC details
000 -LEADER
campo de control de longitud fija 00628nam a2200193 i 4500
001 - NÚMERO DE CONTROL
campo de control 134679
003 - IDENTIFICADOR DE NÚMERO DE CONTROL
campo de control ES-MaACL
005 - FECHA Y HORA DE LA ÚLTIMA TRANSACCIÓN
campo de control 20251005063115.0
007 - CAMPO FIJO DE DESCRIPCIÓN FÍSICA--INFORMACIÓN GENERAL
campo de control de longitud fija t|
008 - DATOS DE LONGITUD FIJA--INFORMACIÓN GENERAL
campo de control de longitud fija 070912m18461862gw ||||1| ger d
100 1# - ENTRADA PRINCIPAL--NOMBRE DE PERSONA
Nombre de persona Weil, Gustav,
Fechas asociadas al nombre 1808-1889
9 (RLIN) 116331
245 10 - MENCIÓN DEL TÍTULO
Título Geschichte der Chalifen
Resto del título : Nach handschriftl., gröátentheils noch unbenützten Quellen bearbeitet /
Mención de responsabilidad, etc. von Gustav Weil.
260 ## - PUBLICACIÓN, DISTRIBUCIÓN, ETC.
Lugar de publicación, distribución, etc. Mannheim :
Nombre del editor, distribuidor, etc. Friedrich Bassermann,
Fecha de publicación, distribución, etc. 1846-1862.
300 ## - DESCRIPCIÓN FÍSICA
Extensión 5 v.
650 #4 - PUNTO DE ACCESO ADICIONAL DE MATERIA--TÉRMINO DE MATERIA
Término de materia o nombre geográfico como elemento de entrada Califas.
9 (RLIN) 156604
651 #4 - PUNTO DE ACCESO ADICIONAL DE MATERIA--NOMBRE GEOGRÁFICO
Nombre geográfico Imperio islámico-
Subdivisión general Historia.
9 (RLIN) 152821
852 ## - LOCALIZACIÓN
Ubicación ES-MaACL
Número de control de estantería G-939-43
Holdings
Estatus retirado Estado de pérdida Estado de daño No para préstamo Colección Biblioteca de origen Biblioteca actual Ubicación en estantería Fecha de adquisición Fuente de adquisición Total de préstamos Signatura topográfica completa Código de barras Visto por última vez Precio de reemplazo Tipo de ítem Koha
        Libros del s. XIX Biblioteca del Ateneo de Madrid Biblioteca del Ateneo de Madrid Depósito 2 17/01/2008     G-939-43 1140183 23/02/2023 23/02/2023 Libro impreso antiguo